000 00638nam a2200253Ia 4500
003 OSt
005 20221007094914.0
006 a|||||r|||| 00| 0
007 ta
008 221006b |||||||| |||| 00| 0 eng d
024 _a329
037 _cTextual
040 _aLCO
_cLCO
_beng
041 _2eng
_aeng
082 _aZ2,94, N4
100 _aAVTAR SINGH
245 0 _aPrinciples of the Law of Evidence
250 _a9
260 _aAllahabad
_bCentral Law Publication
_c1994
300 _a375
650 _aLAW OF EVIDENCE
_9681676
942 _hZ2,94, N4
_cTEXL
999 _c1169892
_d1169892